Serious games and edutainment applications / (Record no. 489605)

000 -LEADER
fixed length control field 00674nam a22002177a 4500
003 - CONTROL NUMBER IDENTIFIER
control field NUST
005 - DATE AND TIME OF LATEST TRANSACTION
control field 20231026114921.0
008 - FIXED-LENGTH DATA ELEMENTS--GENERAL INFORMATION
fixed length control field 231026b ||||| |||| 00| 0 eng d
020 ## - INTERNATIONAL STANDARD BOOK NUMBER
International Standard Book Number 9781447121602 (Hbk)
082 ## - DEWEY DECIMAL CLASSIFICATION NUMBER
Classification number 794.8
Author Mark MAM
245 ## - TITLE STATEMENT
Title Serious games and edutainment applications /
Statement of responsibility, etc. Minhua Ma, Andreas Oikonomou and Lakhmi C. Jain (Editors)
260 ## - PUBLICATION, DISTRIBUTION, ETC.
Place of publication, distribution, etc. New York:
Name of publisher, distributor, etc. Springer,
Date of publication, distribution, etc. 2011
300 ## - PHYSICAL DESCRIPTION
Extent xvi, 504p. :
Accompanying material 22 cm
650 ## - SUBJECT ADDED ENTRY--TOPICAL TERM
Topical term or geographic name entry element Computer games
9 (RLIN) 45834
650 ## - SUBJECT ADDED ENTRY--TOPICAL TERM
Topical term or geographic name entry element Educational games
9 (RLIN) 106665
650 ## - SUBJECT ADDED ENTRY--TOPICAL TERM
Topical term or geographic name entry element Computer science
700 ## - ADDED ENTRY--PERSONAL NAME
Personal name Ma, Minhua
9 (RLIN) 118549
700 ## - ADDED ENTRY--PERSONAL NAME
Personal name Oikonomou, Andreas
9 (RLIN) 118550
700 ## - ADDED ENTRY--PERSONAL NAME
Personal name Jain, Lakhmi C.
9 (RLIN) 118552
942 ## - ADDED ENTRY ELEMENTS (KOHA)
Koha item type Book
Source of classification or shelving scheme
Holdings
Withdrawn status Lost status Source of classification or shelving scheme Damaged status Not for loan Permanent Location Current Location Shelving location Date acquired Full call number Barcode Date last seen Price effective from Koha item type
          Central Library (CL) Central Library (CL) Computer Game 10/26/2023 794.8 SER SEECS13182-1 10/26/2023 10/26/2023 Book
          Central Library (CL) Central Library (CL) Computer Game 10/26/2023 794.8 SER SEECS13182 10/26/2023 10/26/2023 Book
© 2023 Central Library, National University of Sciences and Technology. All Rights Reserved.